[Event "Minsk Kupreichik Memorial op"]
[Site "Minsk"]
[Date "2018.06.23"]
[Round "9"]
[White "Nomin Erdene, Davaademberel"]
[Black "Savolainen, Lev P"]
[Result "1-0"]
[WhiteElo "2371"]
[BlackElo "2053"]
[PlyCount "67"]
[EventDate "2018.06.21"]
[EventType "swiss (rapid)"]
[EventRounds "11"]
[EventCountry "BLR"]
[SourceTitle "CBM 185 Extra"]
[Source "ChessBase"]
[SourceDate "2018.07.29"]
[SourceVersion "1"]
[SourceVersionDate "2018.07.29"]
[SourceQuality "1"]

1. e4 e6 2. d4 d5 3. Nc3 Nf6 4. e5 Nfd7 5. f4 c5 6. Nf3 Nc6 7. Be3 f6 8. exf6 Qxf6 9. Nb5 Qd8 10. g3 Qb6 11. Rb1 a6 12. dxc5 Nxc5 13. Nbd4 Bd6 14. Bg2 0-0 15. 0-0 Bd7 16. b4 Ne4 17. Nf5 Qc7 18. Nxd6 Qxd6 19. Qe1 e5 20. Ng5 Nxg5 21. Bc5 Qe6 22. Bxf8 Nh3+ 23. Bxh3 Qxh3 24. Bc5 Bf5 25. Qd2 Be4 26. f5 h5 27. f6 gxf6 28. Rxf6 Qg4 29. Rbf1 Nd4 30. Bxd4 exd4 31. Qh6 Qg7 32. Qxh5 Rc8 33. R6f4 Rc6 34. Qe8+ 1-0

[Event "Minsk Kupreichik Memorial op"]
[Site "Minsk"]
[Date "2018.06.22"]
[Round "7"]
[White "Zhukova, Natalia"]
[Black "Savolainen, Lev P"]
[Result "0-1"]
[WhiteElo "2380"]
[BlackElo "2053"]
[PlyCount "64"]
[EventDate "2018.06.21"]
[EventType "swiss (rapid)"]
[EventRounds "11"]
[EventCountry "BLR"]
[SourceTitle "CBM 185 Extra"]
[Source "ChessBase"]
[SourceDate "2018.07.29"]
[SourceVersion "1"]
[SourceVersionDate "2018.07.29"]
[SourceQuality "1"]

1. c4 e6 2. Nc3 d5 3. d4 Nf6 4. cxd5 exd5 5. Bg5 Nbd7 6. e3 Be7 7. Bd3 a6 8. Nge2 c5 9. 0-0 c4 10. Bf5 b5 11. Nf4 Bb7 12. Qf3 0-0 13. Bxd7 Qxd7 14. Bxf6 Bxf6 15. Ncxd5 Bd8 16. e4 g5 17. Qg3 Kh8 18. Ne2 Bxd5 19. exd5 Qxd5 20. Rad1 Bf6 21. Nc3 Qf5 22. d5 Rad8 23. Rfe1 Rfe8 24. Rxe8+ Rxe8 25. d6 Rd8 26. Qf3 Qxf3 27. gxf3 Be5 28. Ne4 Bxb2 29. Nc5 c3 30. Nb7 c2 31. Re1 Rd7 32. Re8+ Kg7 0-1

[Event "Minsk Kupreichik Memorial op"]
[Site "Minsk"]
[Date "2018.06.21"]
[Round "3"]
[White "Fedorov, Alexei"]
[Black "Savolainen, Lev P"]
[Result "1-0"]
[WhiteElo "2572"]
[BlackElo "2053"]
[PlyCount "51"]
[EventDate "2018.06.21"]
[EventType "swiss (rapid)"]
[EventRounds "11"]
[EventCountry "BLR"]
[SourceTitle "CBM 185 Extra"]
[Source "ChessBase"]
[SourceDate "2018.07.29"]
[SourceVersion "1"]
[SourceVersionDate "2018.07.29"]
[SourceQuality "1"]

1. e4 e6 2. Qe2 Be7 3. Nf3 d5 4. d3 Nf6 5. g3 c5 6. Bg2 Nc6 7. 0-0 0-0 8. e5 Nd7 9. c4 a6 10. h4 b5 11. Bf4 Nb6 12. Na3 bxc4 13. dxc4 Nd4 14. Nxd4 cxd4 15. cxd5 Nxd5 16. Bd2 Bb7 17. Qg4 Qb6 18. Bh6 g6 19. Bxf8 Bxf8 20. Nc4 Qa7 21. Nd6 Bxd6 22. exd6 Rd8 23. Rad1 e5 24. Qg5 f6 25. Bxd5+ Bxd5 26. Qxf6 1-0

[Event "Savonlinna We SavSK"]
[Site "Savonlinna"]
[Date "2015.09.06"]
[Round "5"]
[White "Hallman, Valo"]
[Black "Savolainen, Lev P"]
[Result "1/2-1/2"]
[WhiteElo "2054"]
[BlackElo "2171"]
[PlyCount "117"]
[EventDate "2015.09.05"]
[EventType "swiss"]
[EventRounds "5"]
[EventCountry "FIN"]
[SourceTitle "EXT 2022"]
[Source "ChessBase"]
[SourceDate "2021.10.06"]
[SourceVersion "1"]
[SourceVersionDate "2021.10.06"]
[SourceQuality "1"]

1. d4 e6 2. c4 d5 3. Nf3 Nd7 4. g3 c6 5. Bg2 Ngf6 6. 0-0 Be7 7. Nbd2 0-0 8. b3 b6 9. Bb2 Bb7 10. Qc2 Qc7 11. Rac1 Rac8 12. Rfd1 Qb8 13. e4 Nxe4 14. Nxe4 dxe4 15. Qxe4 c5 16. d5 Bf6 17. Qc2 Bxb2 18. Qxb2 exd5 19. cxd5 Nf6 20. Nh4 Rcd8 21. Nf5 Rfe8 22. Re1 Rxe1+ 23. Rxe1 Re8 24. Re3 Qd8 25. Qd2 g6 26. Rxe8+ Nxe8 27. Nh6+ Kg7 28. Ng4 f5 29. Ne3 Nd6 30. Qd3 Qf6 31. h3 Qd4 32. Qxd4+ cxd4 33. Nc4 Ne4 34. d6 Kf6 35. d7 Ke7 36. Ne5 a6 37. Kf1 Kd8 38. Ke1 Kc7 39. h4 Bd5 40. Bf3 a5 41. Bg2 b5 42. Bf1 Nc3 43. Kd2 b4 44. Bc4 Bxc4 45. Nxc4 Kxd7 46. Kd3 Ne4 47. f3 Nxg3 48. Nxa5 h5 49. Kxd4 g5 50. Ke3 gxh4 51. Kf2 Kd6 52. Nc4+ Kd5 53. a3 f4 54. Kg2 Nf5 55. Kh3 Nd4 56. axb4 Nxf3 57. b5 Nd4 58. Kxh4 Nxb3 59. Kxh5 1/2-1/2

[Event "Wch Seniors 65 24th"]
[Site "Katerini"]
[Date "2014.10.26"]
[Round "3"]
[White "Kayaman, Metin"]
[Black "Savolainen, Lev P"]
[Result "1-0"]
[WhiteElo "1878"]
[BlackElo "2083"]
[PlyCount "55"]
[EventDate "2014.10.24"]
[EventType "swiss"]
[EventRounds "11"]
[EventCountry "GRE"]
[SourceTitle "EXT 2015"]
[Source "ChessBase"]
[SourceDate "2014.11.20"]
[SourceVersion "1"]
[SourceVersionDate "2014.11.20"]
[SourceQuality "1"]

1. c4 e6 2. Nc3 d5 3. d4 Nf6 4. Bg5 Nbd7 5. e3 c6 6. Nf3 Qa5 7. Nd2 Ne4 8. Ndxe4 dxe4 9. Bf4 Bb4 10. Qc2 e5 11. Bg3 f5 12. Be2 0-0 13. dxe5 Nxe5 14. 0-0 Be6 15. Bxe5 Qxe5 16. Rad1 Rad8 17. Rd2 Bxc3 18. bxc3 f4 19. exf4 Qxf4 20. Rxd8 Rxd8 21. Rd1 Rxd1+ 22. Qxd1 e3 23. f3 Bxc4 24. Qd8+ Kf7 25. g3 Bxe2 26. gxf4 Ba6 27. Qd7+ Kf8 28. Qf5+ 1-0

[Event "Wch Seniors 65 24th"]
[Site "Katerini"]
[Date "2014.10.24"]
[Round "1"]
[White "Hmooda, Elhabib"]
[Black "Savolainen, Lev P"]
[Result "0-1"]
[WhiteElo "1718"]
[BlackElo "2083"]
[PlyCount "56"]
[EventDate "2014.10.24"]
[EventType "swiss"]
[EventRounds "11"]
[EventCountry "GRE"]
[SourceTitle "EXT 2015"]
[Source "ChessBase"]
[SourceDate "2014.11.20"]
[SourceVersion "1"]
[SourceVersionDate "2014.11.20"]
[SourceQuality "1"]

1. e4 e6 2. d4 d5 3. e5 c5 4. Bb5+ Nc6 5. Nf3 Qb6 6. Bxc6+ bxc6 7. dxc5 Bxc5 8. 0-0 Ba6 9. Nc3 Bxf1 10. Qxf1 Qc7 11. Na4 Be7 12. c4 f6 13. cxd5 cxd5 14. Qb5+ Qd7 15. Qxd7+ Kxd7 16. Bf4 Rc8 17. b3 Nh6 18. h3 Nf7 19. exf6 Bxf6 20. Re1 Rhe8 21. Be3 Rc7 22. b4 e5 23. Nc5+ Kc8 24. Bc1 a5 25. a3 e4 26. Bf4 Ne5 27. Nd4 Rxc5 28. bxc5 Nd3 0-1

[Event "Belgrade Trophy 25th"]
[Site "Obrenovac"]
[Date "2011.11.25"]
[Round "2"]
[White "Radlovacki, Jovan"]
[Black "Savolainen, Lev P"]
[Result "1-0"]
[WhiteElo "2429"]
[BlackElo "2123"]
[PlyCount "133"]
[EventDate "2011.11.24"]
[EventType "swiss"]
[EventRounds "9"]
[EventCountry "YUG"]
[SourceTitle "CBM 145 Extra"]
[Source "ChessBase"]
[SourceDate "2012.01.03"]
[SourceVersion "1"]
[SourceVersionDate "2012.01.03"]
[SourceQuality "1"]

1. e4 e6 2. d4 d5 3. Nd2 c5 4. Ngf3 Nc6 5. Bb5 Qb6 6. Qe2 a6 7. Ba4 dxe4 8. Ne5 Nf6 9. 0-0 cxd4 10. Ndc4 Qc7 11. Bf4 b5 12. Ng6 e5 13. Ngxe5 bxa4 14. Ng6 Qd8 15. Nxh8 Be6 16. Rad1 Bc5 17. Ne5 Qd5 18. Nxc6 Qxc6 19. h3 Ke7 20. Be5 Rxh8 21. Bxd4 Bxd4 22. Rxd4 Rc8 23. Rfd1 Qb5 24. Qd2 Qxb2 25. Rb4 Qe5 26. Rxa4 Nd5 27. Re1 Nc3 28. Rxa6 Bxa2 29. Rxa2 Nxa2 30. Rd1 Qc7 31. c4 Rd8 32. Qg5+ Ke8 33. Rxd8+ Qxd8 34. Qxg7 Qd1+ 35. Kh2 Qd6+ 36. g3 Nc1 37. Qg8+ Ke7 38. Qxh7 Qd4 39. Qh4+ f6 40. Qh7+ Kd6 41. Qf5 Nd3 42. Kg2 Qe5 43. Qc8 Qb2 44. Qf5 Qd4 45. h4 Qe5 46. Qc8 Ne1+ 47. Kg1 Nf3+ 48. Kg2 Qe6 49. Qd8+ Kc5 50. Qa5+ Kd4 51. Qa1+ Kd3 52. Qa3+ Kc2 53. Qa4+ Kc3 54. Qa3+ Kc2 55. Qa4+ Kc3 56. Qa5+ Kd4 57. Qa1+ Kc5 58. Qa5+ Kd6 59. Qb6+ Ke7 60. Qb4+ Kf7 61. Qb5 Ne5 62. Qb7+ Nd7 63. c5 Kg6 64. c6 Nc5 65. Qa8 Kg7 66. c7 e3 67. f3 1-0

[Event "Thailand op 11th"]
[Site "Pattaya"]
[Date "2011.04.13"]
[Round "4"]
[White "Savolainen, Lev P"]
[Black "Yang, Kaiqi"]
[Result "0-1"]
[WhiteElo "2176"]
[BlackElo "2399"]
[PlyCount "81"]
[EventDate "2011.04.11"]
[EventType "swiss"]
[EventRounds "9"]
[EventCountry "THA"]
[SourceTitle "CBM 141 Extra"]
[Source "ChessBase"]
[SourceDate "2011.05.03"]
[SourceVersion "1"]
[SourceVersionDate "2011.05.03"]
[SourceQuality "1"]

1. d4 Nf6 2. c4 e6 3. Nc3 Bb4 4. Qc2 0-0 5. Bg5 h6 6. Bxf6 Qxf6 7. Nf3 c5 8. dxc5 Na6 9. e3 Nxc5 10. Be2 b6 11. 0-0 Bxc3 12. Qxc3 Qxc3 13. bxc3 Ba6 14. Rfd1 Rfd8 15. Kf1 Rac8 16. Nd2 Na4 17. Rdc1 Nb2 18. a4 Nxc4 19. Nxc4 Bxc4 20. Bxc4 Rxc4 21. a5 b5 22. a6 d5 23. Rcb1 Rb8 24. Ra5 Rc5 25. Ke2 Kf8 26. Kd3 Ke7 27. f3 Kd6 28. Rb4 Kc6 29. Rb2 Kb6 30. Ra3 Rbc8 31. Rba2 Rc4 32. Rb3 e5 33. Rab2 R4c5 34. Ra3 e4+ 35. Kd2 g5 36. Rb1 f5 37. Rb2 f4 38. Rbb3 Re8 39. exf4 exf3 40. gxf3 gxf4 41. Rb4 0-1